000 01504nam a22002777a 4500
005 20240530110543.0
008 141207s2008 ua a g 001 0 ara d
017 _a6534
_bمصر . دار الكتب المصرية
040 _aEG-CaGPL
082 0 4 _a020\
_bم ا
_221
245 0 2 _aالاتجاهات الحديثة فى المكتبات والمعلومات :
_bكتاب دورى يصدر مؤقتا مرتين فى السنة.
_nالمجلد الخامس عشر، العدد التاسع والعشرون (2008) /
_cرئيس التحرير محمد فتحى عبدالهادى ؛ نائب رئيس التحرير اسامة السيد محمود ؛ سكرتير التحرير محمد عبدالمولى محمود.
260 _aالقاهرة :
_bالمكتبة الاكاديمية،
_c2008.
300 _a370 ص. :
_bايض ؛
_c26 سم
500 _aيشتمل على كشافات.
650 0 4 _aالمكتبات
_xعلم
650 0 4 _aالخدمة المكتبية
650 0 4 _aشبكات المكتبات والمعلومات
650 0 4 _aالمكتبات
_xبرامج الحاسبات
650 0 4 _aالمعلومات
_xعلم
650 0 4 _aالمكتبات
_xفهارس
650 0 4 _aنظم المعلومات
700 0 _aمحمد فتحى عبدالهادى،
_eرئيس التحرير.
700 0 _aاسامة السيد محمود،
_eنائب رئيس التحرير.
700 0 _aمحمد عبد المولى محمود،
_eسكرتير التحرير.
942 _2ddc
_cBK
999 _c62302
_d62302